00605 2200193 4500001002100000005001500021035002000036008004100056245013000097100001300227260003700240300003600277020002200313084001600335082001000351650001900361700002000380990001100400INLIS00000000001303520220712092552 a0010-0722000519220712 g 0 ind 1 aLet's Writing :bKumpulan Artikel Hasil Belajar Menulis Bersama PGRI dan Omjay Via Daring /cDerliana; editor, Sri Sugiastuti aDERLIANA aSukoharjo :bOase Pustaka,c2021 axiv, 139 hal. :bilus. ;c21 cm a978-623-378-054-4 a371.1 DER l a371.1 4aMETODE BELAJAR0 aSRI, Sugiastuti a8416 a